[Event "SVK-ch Seniors-A"]
[Site "Tatranske Matliare"]
[Date "2010.06.??"]
[Round "3"]
[White "Herman, Peter"]
[Black "Stefanides, Karol"]
[Result "1-0"]
[WhiteElo "1870"]
[BlackElo "1758"]
[PlyCount "109"]
[EventDate "2010.06.06"]
[EventType "swiss"]
[EventRounds "9"]
[EventCountry "SVK"]
[SourceTitle "EXT 2023"]
[Source "ChessBase"]
[SourceDate "2022.10.05"]
[SourceVersion "1"]
[SourceVersionDate "2022.10.05"]
[SourceQuality "1"]

1. e4 c5 2. Nf3 d6 3. d4 cxd4 4. Nxd4 Nf6 5. Nc3 a6 6. Bg5 Nbd7 7. Bc4 g6 8. 0-0 Bg7 9. Re1 0-0 10. h3 Qc7 11. Bb3 b5 12. Nd5 Nxd5 13. Bxd5 Bb7 14. Bxb7 Qxb7 15. Bxe7 Rfe8 16. Bxd6 Rxe4 17. Rxe4 Qxe4 18. c3 Qd5 19. Qf3 Qxf3 20. Nxf3 Nf8 21. Bxf8 Kxf8 22. Rd1 Ke7 23. Kf1 h5 24. Nd4 Bxd4 25. Rxd4 Ra7 26. Ke2 Ke6 27. Ke3 Rc7 28. h4 f6 29. Ke4 Rc4 30. f4 f5+ 31. Kd3 a5 32. a3 Rc6 33. b4 axb4 34. Rxb4 Rd6+ 35. Kc2 Rd5 36. c4 bxc4 37. Rxc4 Ra5 38. a4 Kd5 39. Kc3 Ra6 40. Kb3 Ra5 41. Kc3 Ra6 42. Kb3 Ra5 43. Rb4 Ra6 44. Kc3 Rc6+ 45. Kd3 Ra6 46. Rd4+ Kc5 47. Kc3 Ra7 48. Rc4+ Kd5 49. Rb4 Re7 50. Rb5+ Ke4 51. Re5+ Rxe5 52. fxe5 Kxe5 53. a5 Kd5 54. a6 Kc6 55. Kd4 1-0

[Event "SVK-ch Seniors-A"]
[Site "Tatranske Matliare"]
[Date "2010.06.??"]
[Round "6"]
[White "Sajtlava, Igor"]
[Black "Herman, Peter"]
[Result "1/2-1/2"]
[WhiteElo "1924"]
[BlackElo "1870"]
[PlyCount "23"]
[EventDate "2010.06.06"]
[EventType "swiss"]
[EventRounds "9"]
[EventCountry "SVK"]
[SourceTitle "EXT 2023"]
[Source "ChessBase"]
[SourceDate "2022.10.05"]
[SourceVersion "1"]
[SourceVersionDate "2022.10.05"]
[SourceQuality "1"]

1. c4 Nf6 2. Nc3 g6 3. e4 d6 4. d4 Bg7 5. f3 0-0 6. Be3 e5 7. d5 c5 8. Bd3 a6 9. Qd2 Nbd7 10. Nge2 Nb6 11. 0-0-0 Bd7 12. Kb1 1/2-1/2